|
|
|
|
| LEADER |
00000nam a2200000Ii 4500 |
| 001 |
DIGREVMGM0046 |
| 003 |
NyNyDIG |
| 006 |
m o d |
| 007 |
cr ||||||||||| |
| 008 |
230113s2021 sp a o 001 0 spa d |
| 035 |
|
|
|a (OCoLC)1328136985
|
| 040 |
|
|
|a DGITA
|b eng
|e rda
|e pn
|c DGITA
|
| 020 |
|
|
|a 9788429196399
|q pdf
|
| 020 |
|
|
|a 9788429196382
|q ePub
|
| 020 |
|
|
|z 9788417963316
|q papel
|
| 041 |
1 |
|
|a spa
|h eng
|
| 050 |
1 |
4 |
|a HD57.7 ebook
|
| 082 |
0 |
4 |
|a 658.4092
|
| 100 |
1 |
|
|a Rubenstein, David M.,
|e author.
|
| 240 |
1 |
0 |
|a How to lead.
|l Spanish
|s (Trabal)
|
| 245 |
1 |
0 |
|a Conversaciones :
|b descubre la sabiduría de las personas más influyentes del mundo /
|c David M. Rubenstein ; traducción, Betty Trabal.
|
| 264 |
|
1 |
|a Barcelona :
|b Reverté Management,
|c [2021]
|
| 300 |
|
|
|a 1 online resource :
|b illustrations.
|
| 336 |
|
|
|a text
|b txt
|2 rdacontent
|
| 337 |
|
|
|a computer
|b c
|2 rdamedia
|
| 338 |
|
|
|a online resource
|b cr
|2 rdacarrier
|
| 347 |
|
|
|a text file
|2 rdaft
|
| 347 |
|
|
|b PDF
|
| 347 |
|
|
|b EPUB
|
| 504 |
|
|
|a Includes index.
|
| 588 |
0 |
|
|a Online resource; title from PDF title page (Digitalia, viewed January 13, 2023)
|
| 650 |
|
0 |
|a Leadership.
|
| 700 |
1 |
|
|a Trabal, Betty,
|e translator.
|
| 700 |
1 |
|
|i Translation of:
|a Rubenstein, David M.
|t How to lead.
|
| 791 |
2 |
|
|a Digitalia (Firm),
|e distributor.
|
| 793 |
0 |
|
|g Digitalia eBook Collection:
|a Reverté Management
|
| 776 |
0 |
8 |
|i Print version:
|a Rubenstein, David M.
|s How to lead. Spanish (Trabal).
|t Conversaciones.
|d Barcelona : Reverté Management, [2021]
|z 9788417963316
|
| 856 |
4 |
0 |
|3 Digitalia Hispánica
|u https://www.digitaliapublishing.com/a/110593/
|
| 910 |
|
|
|a Premium collection: 2023
|